| 000 | 00621nam a22002650a 4500 | ||
|---|---|---|---|
| 001 | UByD001849 | ||
| 003 | AR-LpoUNG | ||
| 005 | 20230818191402.0 | ||
| 008 | 230818s1970||||sp |||||||||||||||||spa d | ||
| 040 |
_aAR-LpoUNG _bspa _cAR-LpoUNG _eaacr |
||
| 041 | _aspa | ||
| 044 | _asp | ||
| 082 | 0 | _aA863 282cru | |
| 100 | 1 | _aAguinis, Marcos | |
| 245 | 1 | 3 | _aLa cruz invertida |
| 250 | _a1ra. ed. | ||
| 260 |
_aBarcelona : _bPlaneta, _c1970. |
||
| 300 | _a345 p. | ||
| 650 | 4 | _aARGENTINA | |
| 650 | 4 | _aLITERATURA | |
| 650 | 4 | _aNOVELAS | |
| 653 | _aLITERATURA ARGENTINA | ||
| 905 | _a52071 | ||
| 942 |
_cLIB _2ddc |
||
| 999 |
_c64369 _d64369 |
||